| 000 | 01313nam a2200337 a 4500 | ||
|---|---|---|---|
| 001 | 000115250 | ||
| 003 | CHAP | ||
| 005 | 20230607094734.0 | ||
| 008 | 190121s2018 mx sm |||||||spa d | ||
| 010 | _a111711 | ||
| 011 | _a112683 | ||
| 040 | _cCHAP | ||
| 090 | _aTesis | ||
| 100 | 1 |
_aMelchor Ramírez, Citlali. _9135464 |
|
| 245 | 1 | 0 |
_aDevelopment of a plant growth chamber with open source architectures= Desarrollo de una camara de crecimiento para plantas con arquitecturas abiertas _h[En línea] _cpor Citlali Melchor Ramírez. |
| 260 |
_aChapingo, Méx. : _bEl autor, _c2018. |
||
| 500 | _aPara ver el contenido del material haga clic en la liga | ||
| 502 | _aTesis (Ing. Mecánico Agrícola) -- UACH. Departamento de Ingeniería Mecánica Agrícola | ||
| 546 | _aContenido Idioma Inglés | ||
| 590 |
_aBATCH-UPD _b05 _c20190121 _lUCH01 _h1154 |
||
| 590 |
_aE5765TAJ _b05 _c20190121 _lUCH01 _h1154 |
||
| 590 |
_aE5765TAJ _b05 _c20190121 _lUCH01 _h1157 |
||
| 590 |
_aE5765TAJ _b05 _c20190122 _lUCH01 _h0840 |
||
| 650 | 1 | 7 |
_aDióxido de carbono _xEfecto en plantas _2 _912848 |
| 650 | 1 | 4 |
_aPlantas _xCrecimiento. _988803 |
| 650 | 1 | 4 |
_aTemperatura _xEfecto en plantas. _9112219 |
| 856 |
_aFinding aid _uhttp://10.13.5.2/tesis/sist115250.pdf _zTeclea aquí |
||
| 901 | _aBK | ||
| 942 | _cTESIS | ||
| 942 | _n0 | ||
| 999 |
_c111711 _d111711 |
||